Aspects of Hindu Caste and Ritual (Record no. 1407017)

MARC details
000 -LEADER
fixed length control field 00473nam a2200169Ia 4500
008 - FIXED-LENGTH DATA ELEMENTS--GENERAL INFORMATION
fixed length control field 161109s9999||||xx |||||||||||||| ||und||
082 ## - DEWEY DECIMAL CLASSIFICATION NUMBER
Item number BORI-66848
100 ## - MAIN ENTRY--PERSONAL NAME
Personal name V / Veena Das
245 ## - TITLE STATEMENT
Title Aspects of Hindu Caste and Ritual
300 ## - PHYSICAL DESCRIPTION
Other physical details Veena Das
300 ## - PHYSICAL DESCRIPTION
Dimensions Structure and Cognition
300 ## - PHYSICAL DESCRIPTION
Accompanying material Dharmashastra Study
300 ## - PHYSICAL DESCRIPTION
Type of unit Dharmashastra
630 ## - SUBJECT ADDED ENTRY--UNIFORM TITLE
Uniform title Aspects of Hindu Caste and Ritual
730 ## - ADDED ENTRY--UNIFORM TITLE
Uniform title Aspects of Hindu Caste and Ritual
942 ## - ADDED ENTRY ELEMENTS (KOHA)
Koha item type

No items available.